Magnetismo /
Características físicas del magnetismo. Campo magnético. Hans Oersted y la naturaleza del magnetismo. Electroimán. Su empleo en imágenes de televisión y en la investigación de la fusión atómica.
Guardado en:
| Autor Corporativo: | |
|---|---|
| Formato: | |
| Materias: | |
| Etiquetas: |
Agregar Etiqueta
Sin Etiquetas, Sea el primero en etiquetar este registro!
|
| LEADER | 00882ngm a22002295g 4500 | ||
|---|---|---|---|
| 001 | CEM.cems021556 | ||
| 008 | 130507b199?##################0###0#####d | ||
| 005 | 20240828150217.0 | ||
| 245 | 1 | 0 | |a Magnetismo / |c Videopedia Britannica |
| 300 | |a 14 | ||
| 500 | |a En soporte VHS, consultar en ventanilla. | ||
| 520 | |a Características físicas del magnetismo. Campo magnético. Hans Oersted y la naturaleza del magnetismo. Electroimán. Su empleo en imágenes de televisión y en la investigación de la fusión atómica. | ||
| 538 | |a Soporte: VHS - Norma: Pal N - Color - Compra CEMS - Hitachi=1540 | ||
| 110 | 2 | |a Videopedia Britannica. | |
| 082 | 5 | 3 | |/ VID |
| 653 | |a FISICA | ||
| 653 | |a MAGNETISMO | ||
| 653 | |a ELECTROIMAN | ||
| 653 | |a TELEVISION | ||
| 653 | |a FUSION ATOMICA | ||
| 653 | |a NIVEL SECUNDARIO | ||
| 859 | |a CEMS |b BIB. CEMS - Depto. Recursos Didacticos |h 539 |i VID |k DRD |p 199.12 |t Ej.1 | ||
